[Event "MCR_O193"]
[Site "?"]
[Date "2004.??.??"]
[Round "?"]
[White "Martin, Petr"]
[Black "Farny, Miroslav"]
[Result "0-1"]
[WhiteElo "2000"]
[BlackElo "1800"]
[PlyCount "62"]
[EventDate "2004.??.??"]
[EventType "corr"]
[EventRounds "2"]
[SourceDate "2005.03.12"]

1. c4 Nf6 2. Nc3 e5 3. Nf3 Nc6 4. d4 exd4 5. Nxd4 Bc5 6. Nb3 Bb4 7. Bd2 d6 8.
e3 O-O 9. Be2 Bxc3 10. Bxc3 Ne4 11. Bd4 Re8 12. O-O Qg5 13. Bf3 Bf5 14. Nc1 a5
15. Ne2 a4 16. Nc3 a3 17. Nxe4 Bxe4 18. b3 d5 19. Rc1 Rad8 20. cxd5 Qxd5 21.
Bxe4 Qxe4 22. f3 Qe7 23. Qc2 Nxd4 24. exd4 Rxd4 25. Qxc7 Qe3+ 26. Kh1 Rd2 27.
Qg3 Rxa2 28. Rce1 Re2 29. Rd1 Qxb3 30. h4 a2 31. h5 h6 0-1

[Event "MCR_O193"]
[Site "?"]
[Date "2004.??.??"]
[Round "?"]
[White "Farny, Miroslav"]
[Black "Martin, Petr"]
[Result "1-0"]
[WhiteElo "1800"]
[BlackElo "2000"]
[PlyCount "81"]
[EventDate "2004.??.??"]
[EventType "corr"]
[EventRounds "2"]
[SourceDate "2005.03.12"]

1. Nf3 Nf6 2. d4 g6 3. c4 Bg7 4. Nc3 d6 5. e4 O-O 6. Be2 Nbd7 7. O-O e5 8. dxe5
dxe5 9. Qa4 c6 10. Rd1 Qc7 11. Qc2 Nc5 12. h3 Ne6 13. Be3 Nh5 14. c5 Nef4 15.
Bf1 Rd8 16. Rxd8+ Qxd8 17. g4 Nf6 18. Nxe5 Ne6 19. f4 Qe7 20. Nc4 Nxc5 21. e5
Ne8 22. Nd6 Nd7 23. Nxc8 Rxc8 24. Ne4 a6 25. Rd1 Bf8 26. Qb3 b5 27. a4 Nb8 28.
Bg2 Rd8 29. Ra1 Qb4 30. Qxb4 Bxb4 31. g5 Nc7 32. Bb6 Rc8 33. Nf6+ Kh8 34. axb5
Nxb5 35. Kf2 Be7 36. Ne4 Nc7 37. Nd6 Bxd6 38. exd6 Nd5 39. Bxd5 cxd5 40. Ke3
Rc2 41. Rxa6 1-0

[Event "MCR_O193"]
[Site "?"]
[Date "2004.??.??"]
[Round "?"]
[White "Benes, Jiri"]
[Black "Stika, Vaclav"]
[Result "0-1"]
[WhiteElo "1800"]
[BlackElo "1831"]
[PlyCount "66"]
[EventDate "2004.??.??"]
[EventType "corr"]
[EventRounds "2"]
[SourceDate "2005.03.12"]

1. d4 Nf6 2. Nf3 d5 3. e3 e6 4. Bd3 Nbd7 5. Nbd2 c5 6. c3 Qc7 7. O-O Bd6 8. h3
O-O 9. b3 cxd4 10. cxd4 Qc3 11. Bb1 e5 12. Qc2 Qxc2 13. Bxc2 e4 14. Ne1 Re8 15.
a3 b6 16. Kh1 Ba6 17. Rg1 Rac8 18. Bb2 Rc6 19. Rc1 Rec8 20. b4 Be2 21. Nb3 g5
22. Bb1 Ng4 23. g3 Nxf2+ 24. Kg2 Nd1 25. Rxc6 Rxc6 26. Ba1 Bb5 27. Nc2 Rxc2+
28. Bxc2 Nxe3+ 29. Kf2 Nxc2 30. Bc3 f5 31. Bd2 Bc4 32. Rb1 f4 33. gxf4 Bxf4 0-1

[Event "MCR_O193"]
[Site "?"]
[Date "2004.??.??"]
[Round "?"]
[White "Benes, Jiri"]
[Black "Liska, Ladislav"]
[Result "0-1"]
[WhiteElo "1800"]
[BlackElo "1936"]
[PlyCount "56"]
[EventDate "2004.??.??"]
[EventType "corr"]
[EventRounds "2"]
[SourceDate "2005.03.12"]

1. Nf3 c5 2. c4 Nf6 3. Nc3 e6 4. g3 b6 5. Bg2 Bb7 6. d3 Be7 7. b3 d5 8. Ne5
Nbd7 9. Nxd7 Qxd7 10. cxd5 Nxd5 11. Nxd5 Bxd5 12. e4 Bf6 13. Rb1 Bc6 14. Bb2
Bxb2 15. Rxb2 O-O 16. Rd2 Rad8 17. Bf3 Qc7 18. d4 cxd4 19. Rxd4 Bb5 20. Be2
Qc3+ 21. Rd2 Rd4 22. Qc2 Qb4 23. a3 Rxd2 24. Qxd2 Qxe4 25. f3 Qe5 26. a4 Bxe2
27. Qxe2 Qc3+ 28. Kf2 Qxb3 0-1

[Event "MCR_O193"]
[Site "?"]
[Date "2004.??.??"]
[Round "?"]
[White "Farny, Miroslav"]
[Black "Vins, Karel"]
[Result "1-0"]
[WhiteElo "1800"]
[BlackElo "1800"]
[PlyCount "83"]
[EventDate "2004.??.??"]
[EventType "corr"]
[EventRounds "2"]
[SourceDate "2005.03.12"]

1. e4 c5 2. Nf3 d6 3. d4 cxd4 4. Nxd4 Nf6 5. Nc3 a6 6. Be2 e5 7. Nf3 Nc6 8. O-O
Be7 9. Bg5 h6 10. Bxf6 Bxf6 11. Bc4 Ne7 12. Nd5 Nxd5 13. Bxd5 Rb8 14. Qd3 Qe7
15. Nd2 Be6 16. Rfd1 O-O 17. Nc4 Rfd8 18. a4 Qc7 19. a5 Be7 20. h3 Bxd5 21.
Qxd5 Qc6 22. c3 Qxd5 23. Rxd5 Rbc8 24. Nb6 Rc5 25. Rdd1 f6 26. b4 Rc7 27. Nd5
Rcd7 28. c4 Kf7 29. g4 g5 30. Kf1 Ke6 31. Ke2 Bf8 32. h4 Rf7 33. h5 Rdd7 34.
Kd3 Be7 35. Rdb1 Bf8 36. b5 Be7 37. bxa6 bxa6 38. Rb6 Ra7 39. c5 Rf8 40. c6 Rc8
41. Rab1 Bd8 42. Rb8 1-0

[Event "MCR_O193"]
[Site "?"]
[Date "2004.??.??"]
[Round "?"]
[White "Farny, Miroslav"]
[Black "Benes, Jiri"]
[Result "1-0"]
[WhiteElo "1800"]
[BlackElo "1800"]
[PlyCount "63"]
[EventDate "2004.??.??"]
[EventType "corr"]
[EventRounds "2"]
[SourceDate "2005.03.12"]

1. e4 Nf6 2. Nc3 d6 3. Nf3 Bg4 4. Be2 Bxf3 5. Bxf3 e5 6. d3 Be7 7. O-O h6 8.
Be3 c6 9. Qd2 Nbd7 10. d4 g5 11. Be2 Nf8 12. a4 Ng6 13. a5 Qd7 14. a6 b6 15. d5
O-O 16. dxc6 Qxc6 17. Bb5 Qc7 18. Ra4 Rfc8 19. Rc4 Qd8 20. Bc6 Rab8 21. Qe2 Bf8
22. Nb5 Qe7 23. g3 Ne8 24. Rd1 f6 25. Bd5+ Kg7 26. Rxc8 Rxc8 27. Bb7 Rb8 28.
Nxa7 Rxb7 29. Nc8 Qf7 30. axb7 Qxb7 31. Qg4 b5 32. Ra1 1-0

[Event "MCR_O193"]
[Site "?"]
[Date "2004.??.??"]
[Round "?"]
[White "Benes, Jiri"]
[Black "Vins, Karel"]
[Result "1/2-1/2"]
[WhiteElo "1800"]
[BlackElo "1800"]
[PlyCount "75"]
[EventDate "2004.??.??"]
[EventType "corr"]
[EventRounds "2"]
[SourceDate "2005.03.12"]

1. d4 d5 2. Nf3 Nf6 3. e3 Bg4 4. Be2 c6 5. Nbd2 e6 6. Ne5 Bxe2 7. Qxe2 Nbd7 8.
Ndf3 h6 9. Nxd7 Qxd7 10. Ne5 Qc7 11. Nd3 b6 12. Bd2 Bd6 13. h3 g6 14. g3 Ne4
15. Bb4 a5 16. Bxd6 Qxd6 17. Ne5 Qc7 18. O-O O-O 19. Qd3 Kg7 20. f3 Nd6 21. Rf2
f5 22. g4 Nf7 23. Nxf7 Rxf7 24. f4 b5 25. Kg2 a4 26. a3 Qe7 27. Kg3 Rh8 28. Qc3
Qe8 29. Rh1 h5 30. g5 Qd7 31. h4 Rc8 32. Qc5 Qe7 33. Qxe7 Rxe7 34. Kf3 Rec7 35.
Ke2 Kf7 36. Kd3 Ke7 37. Rc1 Kd6 38. c3 1/2-1/2

[Event "MCR_O193"]
[Site "?"]
[Date "2004.??.??"]
[Round "?"]
[White "Benes, Jiri"]
[Black "Farny, Miroslav"]
[Result "1-0"]
[WhiteElo "1800"]
[BlackElo "1800"]
[PlyCount "61"]
[EventDate "2004.??.??"]
[EventType "corr"]
[EventRounds "2"]
[SourceDate "2005.03.12"]

1. d4 d5 2. Nf3 Nc6 3. e3 e6 4. Bd3 Bb4+ 5. c3 Be7 6. Nbd2 Bd7 7. O-O Nf6 8.
Re1 O-O 9. Ne5 Nxe5 10. dxe5 Ne8 11. Nf3 c6 12. Qc2 g6 13. e4 Ng7 14. Bh6 Qc7
15. g4 f6 16. exf6 Bxf6 17. Re3 e5 18. g5 Be7 19. exd5 Bc5 20. Bc4 Kh8 21. d6
Bxd6 22. Nh4 Rf4 23. Re4 Rxe4 24. Qxe4 Be8 25. Re1 b5 26. Bb3 Rc8 27. Nf3 Nf5
28. Nxe5 Nxh6 29. gxh6 Bxe5 30. Qxe5+ Qxe5 31. Rxe5 1-0